00339nam a2200133Ia 4500008004100000040001900041041001200060082002200072245004100094260002500135300002300160650000800183850001400191131103s9999 xx 000 0 und d aLoreto College aEnglish aREF/LbLCBED/7205 aHomecEdited by Maryjane Hooper Tonn aU.S.A.bIdealsc1965 a56pb ill.c 23cm. aREF aLCBED/REF